1995 1643 1359 1998 1711 1476 1099 1796 1311 1426 1681 1911 1295 1041 1466 1406 1402 1564 1813 1818 1650 1106 1426 1334 1994 1366 1019 1593 1022 1760 1824 1950 1214 1986 1076 1551 1097 1475 1558 1260 1569 1226 1902 1902 1455 1414 1828 1504 1878 1069 1294 1680 1277 1914 1964 1387 1801 1120 1433 1627 1684 1166 1405 1553 1160 1237 1242 1846 1072 1354 1934 1568 1354 1436 1711 1676 1103 1906 1512 1791 1081 1127 1945 1843 1732 1052 1939 1398 1310 1080 1897 1415 1597 1508 1780 1783 1327 1184 1883 BCNSPRNW ULIB Ver.6.0+V

เปลี่ยนเป็นภาษาไทย

Change to English
 แสดงรายละเอียดบรรณานุกรม
  กลับหน้าหลัก

Brief Record : Get Marc (ISO 2709) : E-mail record : QR code < ปิดหน้าต่าง
LEADER : 00000nam 2200000uu 4500
001    13399124652
003     ULIB
008    151116s2003||||th 000 0 eng d
020    ^a9740431771
099    ^aวพ.WS460^bS961H
100 0  ^aSurichai Kidhathong
245 10 ^aHope, sense of coherence, and quality of life ofadolescent students of parents with HIV/AIDS =^bความหวังความเข้มแข็งในการมองโลกและคุณภาพชีวิตของเด็กนักเรียนวัยรุ่นที่ได้รับผลกระทบจากโรคเอดส์ /^cSurichai Kidhathong
246 31 ^aความหวัง ความเข้มแข็งในการมองโลกและคุณภาพชีวิตของเด็กนักเรียนวัยรุ่นที่ได้รับผลกระทบจากโรคเอดส์
260    ^aBangkok :^bMahidol University^c2003
300    ^aviii, 77 leaves ;^c30 cm.
500    ^aSend to Single Search
502    ^aThesis (M.N.S. (Psychiatric and Mental Health Nursing))--Mahidol University, 2003
610 20 ^aMahidol University^xDissertations
610 20 ^aMahidol University. ^bFaculty of Medicine RamathibodiHospital^xDissertations
650  0 ^aChildren of AIDS patients
650  2 ^aAcquired Immunodeficiency Syndrome
650  2 ^aQuality of Life
691    ^aM.N.S. (2003)
692    ^aPsychiatric and Mental Health Nursing (Mahidol University2003)
700 0  ^aNongkhan Phasuk,^eths.
700 0  ^aKhannika Suwonnakote,^eths.
710 2  ^aMahidol University
710 2  ^aMahidol University. ^bFaculty of Medicine RamathibodiHospital
710 22 ^aMahidol University.^tThesis
710 22 ^aมหาวิทยาลัยมหิดล.^tวิทยานิพนธ์
945    ^p0^l0^i000193
999    ^aเกษร โพธิ์สุวรรณ
รายการนี้ยังไม่มีแท็ก
คุณยังไม่ได้ล็อกอิน คุณสามารถมีกิจกรรมร่วมกับเว็บไซต์ได้ แต่ต้องล็อกอินก่อน ::
  ล็อกอิน

รายการสื่อสารสนเทศ

ลำดับที่ ประเภท เลขเรียก/บาร์โค้ด สถานที่ สถานะ
1. วิทยานิพนธ์
วิทยานิพนธ์
วพ.WS460 S961H ฉ.1 
  Barcode: 000193
ห้องสมุดวิทยาเขตสวรรค์ประชารักษ์
►วิจัย
บนชั้น

รายการใกล้เคียง
    หัวเรื่อง [Acquired Immunodeficiency Syndrome]
    หัวเรื่อง [Quality of Life]

BibComment


ยังไม่เคยถูกคอมเมนท์

คอมเมนท์ทรัพยากรรายการนี้
  คอมเมนท์: Hope sense of co..


 Copyright 2026. Bcnsprnw @Library